00566 2200205 4500001002100000005001500021035002000036245005200056100001900108250001400127300003800141260003400179082001000213084001600223020001900239650003600258650003500294500001100329990002000340INLIS00000000000373420230117012447 a0010-01230002611 aMengenal Pahlawan Nasional. 2 /cDina Alfiyanti0 aDina Alfiyanti aCet. 1,-- a172 hlm. :bilus. ;c25 x 17,5 cm aJakarta. :bErlangga.,c2014. a923.2 a923.2 DIN m a978602759672-6 aEditor, Nickyta P & Yuki Anggia aDesain sampul, Yudi Nur Riyadi aIndeks a15574/P/Bl/2022